000 00416nam a2200181Ia 4500
001 19755
005 20260306172716.0
008 260306t2009||||xx |||||||||||||| ||spa||
041 _aESP
082 _a341
_bS83
100 _aStreck, Lenio Luis
_eAUT
245 0 _aHermenéutica jurídica
260 _c2009
300 _a85 páginas :
_c24 cm.
650 _aGEN
654 _aCDE
942 _cLIB
_dJUS
_fJUS
_2ddc
_n
999 _c19755
_d19755